000 00474nam a2200181Ia 4500
005 20250508162103.0
008 008 250505s9999 xx 000 0 hin d
037 _aBooks to be hide in OPAC
040 _aFEDL
_beng
_cFEDL
041 _ahin
_2eng
084 _a370, NAN/O
_qFEDL
100 _aNandawana Laxshminarayan Ed.
_9772260
245 0 _aShiksha yatra
260 _c1973
300 _a152p.
942 _cHB
_h370, NAN/O
999 _c1374305
_d1374305